000 01148nam a2200313 c 4500
999 _c175186
_d175186
003 BLK
005 20220214162555.0
008 180411b bul|||||r ||||||| ||bul||
010 _aKNG00183714000
040 _aBLK
041 _aBUL
_cBUL
080 _aГеография
_b91
_x:31
_z91:31
100 1 _aХикман, Антон Лео
_eпърви автор
_9340049
139 _aХикман, Антон Лео
_bХ 48
245 1 0 _aГеографо-статистически джобен сборник
_cАнтон Лео Хикман; наредил Драгутин Карл Валтер.
257 _aBGR
260 _c1900
_fРусе : печ. и литогр. Л. Екарт
300 _a112 с.
_bс табл.
_c18 см
380 _a91
650 4 _aГеография
_9151794
653 _aгеография
653 _aстатистически материали
700 1 _aВалтер, Драгутин Карл
_eнаредил
_9380133
852 _aЦб І 9034
852 _aК 91/Х 48
856 4 _qpdf
856 4 _qpdf
942 _cKNG
_n0
_s1
944 _aCR
_c15.10.2015
_kМилена_Ачева
944 _aED
_c15.10.2015
_kГеновева_Генчева
999 _d175186